1574 1951 1823 1683 1367 1876 1401 1473 1280 1564 1672 1980 1978 1782 1550 1771 1395 1624 1254 1505 1358 1392 1234 1064 1485 1716 1433 1757 1162 1831 1261 1836 1322 1874 1767 1197 1760 1884 1455 1509 1576 1096 1921 1419 1392 1796 1852 1308 1090 1751 1561 1982 1538 1315 1813 1934 1049 1397 1884 1053 1066 1929 1480 1092 1419 1427 1792 1300 1274 1323 1440 1475 1286 1458 1688 1445 1360 1672 1611 1410 1608 1009 1246 1729 1926 1607 1307 1854 1953 1765 1824 1394 1584 1023 1831 1223 1271 1837 1543 BCNSPRNW ULIB Ver.6.0+V

เปลี่ยนเป็นภาษาไทย

Change to English
 แสดงรายละเอียดบรรณานุกรม
  กลับหน้าหลัก

Brief Record : Get Marc (ISO 2709) : E-mail record : QR code < ปิดหน้าต่าง
LEADER : 00000nam 2200000uu 4500
001    13399120749
003     ULIB
008    121008s2549||||th 000 0 tha d
020    ^a9749510127
060 04 ^aWC100^bธ131ร 2549
245 00 ^aโรคติดเชื้อที่ปรากฏขึ้นใหม่และโรคติดเชื้อที่ปรากฏขึ้นอีก 4=^bEmerging and reemerging infectious diseases 4 /^cบรรณาธิการ ธนะพันธ์ พิบูลย์บรรณกิจ ... [และคนอื่นๆ]
246 31 ^aEmerging and reemerging infectious disease 4
250    ^aพิมพ์ครั้งที่ 1
260    ^aกรุงเทพฯ :^bสมาคมโรคติดเชื้อแห่งประเทศไทย,^c2549
300    ^axvi, 390 หน้า ;^c21 ซม.
650  7 ^aโรคติดเชื้อ
650  7 ^aโรคติดต่อ
700 0  ^aธนะพันธ์ พิบูลย์บรรณกิจ,^eบรรณาธิการ
710 2  ^aสมาคมโรคติดเชื้อแห่งประเทศไทย
945    ^p290^l0^i15084
995    ^aกัณชพร
999 ^a ใช้งานได้ทุกระบบ
รายการนี้ยังไม่มีแท็ก
คุณยังไม่ได้ล็อกอิน คุณสามารถมีกิจกรรมร่วมกับเว็บไซต์ได้ แต่ต้องล็อกอินก่อน ::
  ล็อกอิน

รายการสื่อสารสนเทศ

ลำดับที่ ประเภท เลขเรียก/บาร์โค้ด สถานที่ สถานะ
1. วิทยาศาสตร์การแพทย์ และสุขภาพ
วิทยาศาสตร์การแพทย์ และสุขภาพ
WC100 ธ131ร 2549  
  Barcode: 15084
ห้องสมุดวิทยาเขตสวรรค์ประชารักษ์
►หนังสือทั่วไป
บนชั้น

รายการใกล้เคียง
    หัวเรื่อง [โรคติดเชื้อ]
    หัวเรื่อง [โรคติดต่อ]

BibComment


ยังไม่เคยถูกคอมเมนท์

คอมเมนท์ทรัพยากรรายการนี้
  คอมเมนท์: โรคติดเชื้อที่ปร..


 Copyright 2026. Bcnsprnw @Library